Public service reforms in Canada for the twenty-first century (Record no. 24703)

000 -LEADER
fixed length control field 01062pab a2200217 454500
008 - FIXED-LENGTH DATA ELEMENTS--GENERAL INFORMATION
fixed length control field 180718b1993 xxu||||| |||| 00| 0 eng d
100 ## - MAIN ENTRY--PERSONAL NAME
Personal name Dwivedi O.P.
245 ## - TITLE STATEMENT
Title Public service reforms in Canada for the twenty-first century
260 ## - PUBLICATION, DISTRIBUTION, ETC.
Date of publication, distribution, etc. 1993
300 ## - PHYSICAL DESCRIPTION
Extent p.46-66.
362 ## - DATES OF PUBLICATION AND/OR SEQUENTIAL DESIGNATION
Dates of publication and/or sequential designation Jan-Mar
520 ## - SUMMARY, ETC.
Summary, etc. With a brief background of civil service reform effort in the past in Canada, the author focuses discussion on the latest effort embodied in Public Service 2000 report. He gives a detailed analytical account of the changes envisaged for the future through The Public Service Reform Act. He also briefly states both the advantages and the difficulties it is likely to create in government-civil service relations. Reproduced.
650 ## - SUBJECT ADDED ENTRY--TOPICAL TERM
Topical term or geographic name entry element Public Service Staff Relations Act -- Canada
650 ## - SUBJECT ADDED ENTRY--TOPICAL TERM
Topical term or geographic name entry element Public Service and Employment Act, 1967 -- Canada
650 ## - SUBJECT ADDED ENTRY--TOPICAL TERM
Topical term or geographic name entry element Civil Service Act -- Canada
650 ## - SUBJECT ADDED ENTRY--TOPICAL TERM
Topical term or geographic name entry element Civil Service -- Canada
650 ## - SUBJECT ADDED ENTRY--TOPICAL TERM
Topical term or geographic name entry element Civil Service
773 ## - HOST ITEM ENTRY
Main entry heading Indian Journal of Public Administration
908 ## - PUT COMMAND PARAMETER (RLIN)
Put command parameter N
909 ## -
-- 24703
Holdings
Withdrawn status Lost status Damaged status Not for loan Permanent Location Current Location Date acquired Serial Enumeration / chronology Barcode Date last seen Price effective from Koha item type
        Indian Institute of Public Administration Indian Institute of Public Administration 2018-07-19 Volume no: 39, Issue no: 1 AR24775 2018-07-19 2018-07-19 Articles

Powered by Koha